Score 0/30 Timer 05:00
0 Plays Today
First Title Word % Correct
CasinoCasino Royale
93.7%
Dead ManDead Man Walking
90.1%
28 Days28 Days Later
84%
PsychoAmerican Psycho
80.8%
JeopardyDouble Jeopardy
72.7%
LabyrinthPan's Labyrinth
70.8%
HotelHotel Rwanda
68.1%
EnchantedElla Enchanted
66.9%
FearCape Fear
65.7%
IdentityIdentity Thief
64.2%
RenaissanceRenaissance Man
59.6%
HolidayRoman Holiday
51.9%
RadioRadio Days
51.2%
The QueenThe African Queen
45.3%
The AmericanThe American President
44.3%
First Title Word % Correct
NineNine Months
43.8%
WarWarGames
41.6%
GloryGlory Road
35.3%
The Way BackThe Way Way Back
34.9%
AugustAugust Rush
33.7%
The RoadThe Road Warrior
32%
ValentineBlue Valentine
31.7%
MaxMax Payne
29.2%
SoldierUniversal Soldier
28.3%
The DeadThe Evil Dead
25.8%
HeatRed Heat
25.5%
RedRed Dragon
22.7%
SevenSeven Psychopaths
20%
GhostGhost World
19.8%
SunshineSunshine Cleaning
17.7%
Remove Ads.
Support Sporcle.
Get the best of Sporcle when you Go Orange. This ad-free experience offers more features, more stats, and more fun while also helping to support Sporcle. Thank you for becoming a member.

You're not logged in!

Compare scores with friends on all Sporcle quizzes.
OR
Log In

Show Comments

Extras

Top Quizzes Today


Score Distribution

Your Account Isn't Verified!

In order to create a playlist on Sporcle, you need to verify the email address you used during registration. Go to your Sporcle Settings to finish the process.

Report this User

Report this user for behavior that violates our Community Guidelines.

Details: